000 00560nam a2200193Ia 4500
003 OSt
005 20250714114252.0
020 _a0-88236-115-5
040 _cLC
050 _aQA 76.54 .S 54 1980
_b3
100 _aSHELLY, GARY B
245 0 _aINTRODUCTION TO COMPUTERS AND DATA PROCESSING
260 _aSATURN ST BREA,
_bANAHEIM PUBLISHING COMPANY,
_c1980,
300 _aXVi, 474 P,ILL
500 _aINCLUDES INDEX
650 _aComputers, Electronic data processing, Electronic digital computers
700 _aCASHMAN THOMAS J,
942 _cBK
_2lcc
_n0
999 _c183515
_d183515